1455 1479 1426 1924 1020 1823 1875 1092 1352 1884 1629 1090 1300 1592 1965 1938 1014 1104 1570 1125 1600 1491 1573 1828 1915 1209 1289 1491 1123 1747 1365 1508 1102 1822 1640 1263 1895 1715 1337 1394 1254 1795 1904 1133 1370 1115 1566 1116 1236 1341 1885 1116 1358 1247 1374 1948 1244 1171 1028 1175 1186 1133 1915 1421 1187 1026 1366 1852 1974 1421 1740 1976 1110 1132 1451 1536 1600 1389 1920 1666 1572 1178 1836 1664 1129 1157 1453 1854 1279 1701 1295 1368 1907 1410 1568 1933 1769 1079 1142 BCNSPRNW ULIB Ver.6.0+V

เปลี่ยนเป็นภาษาไทย

Change to English
 แสดงรายละเอียดบรรณานุกรม
  กลับหน้าหลัก

Brief Record : Get Marc (ISO 2709) : E-mail record : QR code < ปิดหน้าต่าง
LEADER : 00000nam 2200000uu 4500
001    13399126259
003     ULIB
008    180827s2560||||th 000 0 tha d
020    ^a9786162713927
060    ^aWY100.7^bส46ก
100    ^aสุพัตรา อุปนิสากร, จารุวรรณ บุญรัตน์ และ วัชรีย์ แสงมณี, บรรณาธิการ
245    ^aการปฏิบัติการพยาบาลตามหลักฐานเชิงประจักษ์ในโรงพยาบาลสงขลานครินทร์ = Eudence - Based Nursing in Songklanagarind Hospital/^bสุพัตรา อุปนิสากร, จารุวรรณ บุญรัตน์ และ วัชรีย์ แสงมณี, บรรณาธิการ
250    ^aพิมพ์ครั้งที่ 2
260    ^aสงขลา :^bคณะแพทยศาสตร์ มหาวิทยาลัยสงขลานครินทร์,^c2560
300    ^a192 หน้า
650    ^aการพยาบาลตามหลักฐานเชิงประจักษ์
650  0 ^aการพยาบาล, การบริหาร
945    ^p400^l0^i004419
945    ^p400^l0^i004420
945    ^p400^l0^i004421
945    ^p400^l0^i004422
945    ^p400^l0^i004423
999    ^aประนอม เกษจรัล
รายการนี้ยังไม่มีแท็ก
คุณยังไม่ได้ล็อกอิน คุณสามารถมีกิจกรรมร่วมกับเว็บไซต์ได้ แต่ต้องล็อกอินก่อน ::
  ล็อกอิน

รายการสื่อสารสนเทศ

ลำดับที่ ประเภท เลขเรียก/บาร์โค้ด สถานที่ สถานะ
1. Book การพยาบาล
หนังสือสำรอง
สถานะ=หนังสือสำรอง
WY100.7 ส46ก ฉ.1 
  Barcode: 004419
ห้องสมุดวิทยาเขตสวรรค์ประชารักษ์
►หนังสือทั่วไป
บนชั้น
2. Book การพยาบาล
Book การพยาบาล
WY100.7 ส46ก ฉ.2 
  Barcode: 004420
ห้องสมุดวิทยาเขตสวรรค์ประชารักษ์
►หนังสือทั่วไป
บนชั้น
3. Book การพยาบาล
Book การพยาบาล
WY100.7 ส46ก ฉ.3 
  Barcode: 004421
ห้องสมุดวิทยาเขตสวรรค์ประชารักษ์
►หนังสือทั่วไป
บนชั้น
4. Book การพยาบาล
Book การพยาบาล
WY100.7 ส46ก ฉ.4 
  Barcode: 004422
ห้องสมุดวิทยาเขตสวรรค์ประชารักษ์
►หนังสือทั่วไป
บนชั้น
5. Book การพยาบาล
Book การพยาบาล
WY100.7 ส46ก ฉ.5 
  Barcode: 004423
ห้องสมุดวิทยาเขตสวรรค์ประชารักษ์
►หนังสือทั่วไป
บนชั้น

รายการใกล้เคียง
    ผู้แต่ง [สุพัตรา อุปนิสากร, จารุวรรณ บุญรัตน์ และ วัชรีย์ แสงมณี, บรรณาธิการ]

    หัวเรื่อง [การพยาบาลตามหลักฐานเชิงประจักษ์]
    หัวเรื่อง [การพยาบาล, การบริหาร]

BibComment


ยังไม่เคยถูกคอมเมนท์

คอมเมนท์ทรัพยากรรายการนี้
  คอมเมนท์: การปฏิบัติการพยา..


 Copyright 2026. Bcnsprnw @Library